| 000 | 00710nam a2200193 a 4500 | ||
|---|---|---|---|
| 001 | 000039909 | ||
| 005 | 20201002033813.0 | ||
| 008 | 130729s2000 ag 000 0 spa d | ||
| 020 | _a9789870601012 | ||
| 040 |
_aDO-SdBNP _bspa _cBNPHU |
||
| 100 | 1 |
_aEscardó i Bas, Mercé _966114 |
|
| 245 | 1 | 3 |
_aLa biblioteca, un espacio de convivencia / _cMercé Escardó i Bas ; traducción del catalán de Imma Tejero Cullell. |
| 260 |
_aBuenos Aires, Argentina : _bOberon. Comercial Grupo Anaya, _c2000. |
||
| 300 |
_a249 p. : _bil., +CD ; _c22 cm. |
||
| 490 | 1 |
_aSombra de la Palabra _v8 |
|
| 500 | _aIncluye notas al pie de las páginas | ||
| 700 | 1 |
_aCullell.,Tejero _966115 |
|
| 830 | 0 |
_aSombra de la Palabra _v8 _966116 |
|
| 999 |
_c39399 _d39399 |
||